000 00316nam a22001457a 4500
003 SGT
082 _a611
_bR14S
100 _aSINGH,MAHENDRA
245 _aRACHNA SHARIRA VIGYAN
260 _aDELHI
_bCHAUKHAMBHA
_c2014
300 _a502
650 _aRACHNA SHARIRA
653 _aRACHNA SHARIRA
942 _2ddc
_cBK
_0318
999 _c8263
_d8263